The Abolitionists (Record no. 6391)

MARC details
000 -LEADER
fixed length control field 00854cam a2200277 a 4500
001 - CONTROL NUMBER
control field 1582167
003 - CONTROL NUMBER IDENTIFIER
control field mut
005 - DATE AND TIME OF LATEST TRANSACTION
control field 20240606081015.0
008 - FIXED-LENGTH DATA ELEMENTS--GENERAL INFORMATION
fixed length control field 940915s1995 maua b 000 0 eng
010 ## - LIBRARY OF CONGRESS CONTROL NUMBER
LC control number 93080574
020 ## - INTERNATIONAL STANDARD BOOK NUMBER
International Standard Book Number 0030918790
040 ## - CATALOGING SOURCE
Original cataloging agency DLC
Transcribing agency DLC
Modifying agency DLC
043 ## - GEOGRAPHIC AREA CODE
Geographic area code n-us---
050 00 - LIBRARY OF CONGRESS CALL NUMBER
Classification number E449
Item number .C877 1973
082 00 - DEWEY DECIMAL CLASSIFICATION NUMBER
Classification number 973.7/114
Edition information 20
245 04 - TITLE STATEMENT
Title The Abolitionists
260 ## - PUBLICATION, DISTRIBUTION, ETC.
Name of publisher, distributor, etc. The Dryden Press
Date of publication, distribution, etc. c1973
300 ## - PHYSICAL DESCRIPTION
Extent xxxiv, 225 p. :
Other physical details ill. :
Dimensions 21 cm.
504 ## - BIBLIOGRAPHY, ETC. NOTE
Bibliography, etc. note Includes bibliographical references (p. 209-225).
650 #0 - SUBJECT ADDED ENTRY--TOPICAL TERM
Topical term or geographic name entry element Abolitionists
Geographic subdivision United States.
700 1# - ADDED ENTRY--PERSONAL NAME
Personal name Goodheart, Lawrence B.,
Dates associated with a name 1944-
700 1# - ADDED ENTRY--PERSONAL NAME
Personal name Hawkins, Hugh.
906 ## - LOCAL DATA ELEMENT F, LDF (RLIN)
a 7
b cbc
c orignew
d 2
e opcn
f 19
g y-gencatlg
942 ## - ADDED ENTRY ELEMENTS (KOHA)
Source of classification or shelving scheme Library of Congress Classification
Koha item type Books
Holdings
Withdrawn status Lost status Source of classification or shelving scheme Damaged status Not for loan Home library Current library Date acquired Total checkouts Full call number Barcode Date last seen Price effective from Koha item type
    Library of Congress Classification     Murang'a University of Technology Library Murang'a University of Technology Library 23/03/2017   E449 .C877 1973 006413 30/08/2024 23/03/2017 Books